| 000 | 00718nam a22001937a 4500 | ||
|---|---|---|---|
| 003 | BD-DhUL | ||
| 005 | 20160828160608.0 | ||
| 008 | 160828s1976 b a|||| |||| 000 0 b d | ||
| 040 |
_cBD-DhUL _dBD-DhUL |
||
| 082 |
_a398.09 _bABL |
||
| 100 | 1 | 0 | _aহাফিজ, আবদুল |
| 245 |
_aলোক কাহিনীর দিক দিগন্ত / _cআবদুল হাফিজ |
||
| 250 | _a২য় সং. | ||
| 260 |
_aঢাকা : _bমুক্তধারা, _c১৯৭৬ । |
||
| 300 |
_a১৯২ পৃ. ; _c২২ সে.মি. |
||
| 650 |
_aলোক-কাহিনী _xইতিহাস ও সমালোচনা |
||
| 650 |
_aFolks _xHistory and critisism |
||
| 942 |
_2ddc _cBK |
||
| 999 |
_c101859 _d101859 |
||